00843nam a2200205 a 4500003000200000005001700002008004100019050003000060100003300090245012500123260009100248300004100339504004100380650003900421650004600460650002500506650003300531650003300564650004000597020250210092005.0120718s19uu xx 00 eng d aPGS BF 723.M4b.N456 2012 aNery, Juan Alfonso Miguel C. aThe level of maturity of Southville International School and Colleges grade six students /cJuan Alfonso Miguel C. Nery. aLas Piñas City, Philippines :bSouthville International School and Colleges, c2012. a26 pages :billustrations ;c28 cm.  aIncludes bibliographical references. aMaturity (Psychology) in children. aChild developmentvPsychological aspects. aStudentsvPsychology aSex differences in children. aSocial maturity in children. aEmotional intelligence in children.